Island Countries in the Southern Hemisphere - Statistics

General Stats
  • This quiz has been taken 54 times
  • The average score is 17 of 18
Answer Stats
Countries % Correct
New Zealand
100%
Tuvalu
98%
Fiji
96%
Comoros
93%
Indonesia
93%
Kiribati
93%
Mauritius
93%
Nauru
93%
Tonga
93%
Madagascar
91%
Samoa
91%
Seychelles
91%
Vanuatu
91%
Solomon Islands
89%
East Timor
87%
Papua NewGuinea
87%
Maldives
85%
São Toméand Principe
83%
No matching quizzes found
Score Distribution
Percent of People with Each Score
Percentile by Number Answered
Your Score History
You have not taken this quiz